What Shape Am I Thinking Of? - Picture - Statistics

General Stats
  • This quiz has been taken 40 times
  • The average score is 9 of 12
Answer Stats
Picture Answer % Correct
Heart
100%
Cube
93%
Triangle
86%
Pentagon
82%
Square
82%
Sphere
75%
Pyramid
71%
Rectangle
71%
Circle
68%
Cylinder
68%
Hexagon
64%
Octagon
64%
No matching quizzes found
Score Distribution
Percent of People with Each Score
Percentile by Number Answered
Your Score History
You have not taken this quiz